| 000 | 00979cam a2200265 i 4500 | ||
|---|---|---|---|
| 001 | bg | ||
| 003 | KOSZ 005 | ||
| 005 | 20190719115237.0 | ||
| 008 | 020730s2002 pl f f |000 0 pol | ||
| 015 | _aPB 2002/13158 | ||
| 020 | _a8322718586 | ||
| 040 |
_aWA N _cKOSZ 005/RW _dKOSZ 005/HR |
||
| 080 | _a321.7(4-191.2-11)"1989/..." | ||
| 080 | _a(075.8) | ||
| 245 | 0 | 0 |
_aUstroje państw współczesnych. _n2 / _cpod red. Ewy Gdulewicz. |
| 260 |
_aLublin : _bWydaw. Uniwersytetu Marii Curie-Skłodowskiej, _c2002. |
||
| 300 |
_a310 s. ; _c25 cm. |
||
| 504 | _aBibliogr. przy rozdz. | ||
| 650 | 4 |
_aPaństwo _xustrój _zEuropa Środkowo-Wschodnia _yod 1989 r. |
|
| 655 | 4 | _aPodręczniki akademickie | |
| 700 | 1 |
_aGdulewicz, Ewa _d(1944- ). _eRed. |
|
| 710 | 2 |
_aUniwersytet Marii Curie-Skłodowskiej (Lublin). _bWydawnictwo. _4pbl. |
|
| 856 |
_uhttp://koha.tu.koszalin.pl/cgi-bin/koha/opac-detail.pl?biblionumber=41504 _yKatalog online BPK |
||
| 942 |
_2UKD _cKS |
||
| 999 |
_c41504 _d41504 |
||